'The Simpsons' Voice Artist by Character Quiz Stats

 Plays Quiz Updated Mar 9, 2020

Support Sporcle.
Go Orange.
Score 0/35 Timer 05:00
0 Plays Today
Character Voice Artist % Correct
Homer SimpsonDan Castellaneta
75.2%
Lisa SimpsonYeardley Smith
75.2%
Apu NahasapeemapetilonHank Azaria
74%
Bart SimpsonNancy Cartwright
72%
Marge SimpsonJulie Kavner
64.6%
Sideshow BobKelsey Grammer
62.7%
Chief WiggumHank Azaria
59.5%
Moe SzyslakHank Azaria
58.8%
Ned FlandersHarry Shearer
58.4%
Maggie SimpsonVarious (Yeardley Smith Nancy Cartwright, Elizabeth Taylor)
54.2%
Comic Book GuyHank Azaria
53.6%
Grampa Abe SimpsonDan Castellaneta
52.7%
Montgomery BurnsHarry Shearer
50.9%
Lionel HutzPhil Hartman
50.3%
Krusty the ClownDan Castellaneta
49.9%
Waylon SmithersHarry Shearer
49.7%
Troy McClurePhil Hartman
49.3%
Principal SkinnerHarry Shearer
49.2%
Character Voice Artist % Correct
Professor FrinkHank Azaria
47.8%
Sea CaptainHank Azaria
47.1%
Barney GumbleDan Castellaneta
45.5%
Groundskeeper WillieDan Castellaneta
45.4%
Mayor QuimbyDan Castellaneta
44.6%
Patty and SelmaJulie Kavner
43.6%
Superintendent ChalmersHank Azaria
42.8%
Carl CarlsonAlex Désert, Hank Azaria
42.4%
Kent BrockmanHarry Shearer
41.2%
Ralph WiggumNancy Cartwright
41.1%
Dr. HibbertHarry Shearer
40%
Nelson MuntzNancy Cartwright
38.6%
Fat TonyJoe Mantegna
36.6%
Lenny LeonardHarry Shearer
36.5%
Santa's Little HelperDan Castellaneta, Frank Welker
31.9%
Edna KrabappelMarcia Wallace
27.1%
Milhouse Van HoutenPamela Hayden
16.8%

You're not logged in!

Compare scores with friends on all Sporcle quizzes.
OR
Log In

From the Vault

2017 March Madness Nicknames

by jvwald

Welcome to March Madness, where having no college basketball knowledge might actually help you in your office pool.
Remove Ads.
Support Sporcle.
Get the best of Sporcle when you Go Orange. This ad-free experience offers more features, more stats, and more fun while also helping to support Sporcle. Thank you for becoming a member.

Show Comments

Extras

Top Quizzes Today


Score Distribution

Your Account Isn't Verified!

In order to create a playlist on Sporcle, you need to verify the email address you used during registration. Go to your Sporcle Settings to finish the process.

Report this User

Report this user for behavior that violates our Community Guidelines.

Details: